| 000 | 01043nam a22003137a 4500 | ||
|---|---|---|---|
| 001 | 250 | ||
| 003 | FISKH | ||
| 005 | 20230310123903.0 | ||
| 008 | 230310b cb ||||| |||| 00| 0 eng d | ||
| 020 | _a9780547942193 | ||
| 040 |
_aDLC _cDLC _dDLC _dFISKH _beng |
||
| 042 |
_alcac _apcc |
||
| 050 | 0 | 0 |
_aPZ7.H231323 _bJt 2011 |
| 082 | 0 | 0 |
_a813.6 _223 |
| 100 | 1 | _aHarper, Charise Mericle. | |
| 245 | 1 | 0 |
_aJust Grace and the double surprise / _cwritten and illustrated by Charise Mericle Harper. |
| 260 |
_aBoston _bHoughton Mifflin _c2011 |
||
| 300 |
_a167 p. : _bill. ; _c20 cm. |
||
| 520 | _aWhile Grace and her best friend Mimi are waiting for the arrival of the baby sister Mimi's family plans to adopt, Grace gets a big surprise. | ||
| 521 | 8 |
_a650
_bLexile |
|
| 521 | 8 |
_aM
_bRaz-Plus |
|
| 650 | 1 |
_aBest friends _vFiction. |
|
| 650 | 1 |
_aFriendship _vFiction. |
|
| 650 | 1 |
_aSiblings _vFiction. |
|
| 650 | 1 |
_aDogs _vFiction. |
|
| 650 | 1 |
_aSchools _vFiction. |
|
| 906 |
_a7 _bcbc _corignew _d1 _eecip _f20 _gy-gencatlg |
||
| 942 |
_2ddc _cBK _n0 |
||
| 999 |
_c250 _d250 |
||